| 000 | 00476nam a2200217Ia 4500 | ||
|---|---|---|---|
| 008 | 210210b1944 xxu||||| |||| 00| 0 eng d | ||
| 041 | _aeng | ||
| 082 | _a535/10 | ||
| 100 | _aBOLTZ (C L) | ||
| 245 | _aWireless for beginners Ed 3 | ||
| 250 | _a | ||
| 260 |
_aLondon _bGeorge G Harrap & Co Ltd. _c1944 |
||
| 300 | _a264 | ||
| 650 | _aWireless | ||
| 650 | _afor | ||
| 650 | _aEd | ||
| 650 | _abeginners | ||
| 650 | _a3 | ||
| 690 | _aElectricity | ||
| 906 | _a008628 | ||
| 999 |
_c126590 _d126590 |
||